Statistics for All Olympics Cities

Click here to take the quiz!

General Stats

  • This quiz has been taken 72 times
  • The average score is 27 of 28

Answer Stats

YearAnswerCountry% Correct
1896 | 2004AthensGreece
100%
1900 | 1924ParisFrance
100%
2000SydneyAustralia
100%
1992BarcelonaSpain
100%
1988SeoulSouth Korea
100%
1980MoscowSoviet Union
100%
1972MunichGermany
100%
1964TokyoJapan
100%
1960RomeItaly
100%
1932 | 1984Los AngelesUnited States
100%
1928AmsterdamNetherlands
100%
1908 | 1948 | 2012LondonUnited Kingdom
100%
2016Rio de JaneiroBrazil
100%
1952HelsinkiFinland
99%
1936BerlinGermany
99%
1968Mexico CityMexico
99%
1912StockholmSweden
99%
2008BeijingChina
99%
1956MelbourneAustralia
97%
1920AntwerpBelgium
93%
1996AtlantaUnited States
93%
1976MontrealCanada
91%
1904St. LouisUnited States
75%

Score Distribution

Percentile by Number Answered

Percent of People with Each Score

Your Score History

You have not taken this quiz